000 00559nam a2200169 a 4500
005 20140412111409.0
008 070214s19uu xx 00 eng d
020 _a078685868-0
050 _aTR(PS E
_bFa21 2000
245 _aFamily storybook library, bk. 3 :
_bHard work deserves reward.
260 _aNew york :
_bDisney press,
_c2000.
300 _a19
440 _aDisneys family storybook library
520 _aStories about honesty and integrity title includes snow White and the seven dwarfs and mickey mouse
650 _aFables
999 _c105636
_d105636